[Event "EU-ch U08"]
[Site "Bratislava"]
[Date "2019.08.05"]
[Round "4"]
[White "Glushchenko, Stepan"]
[Black "Alidis, Myron"]
[Result "1-0"]
[WhiteElo "1225"]
[BlackElo "1405"]
[PlyCount "79"]
[EventDate "2019.08.02"]
[EventType "swiss"]
[EventRounds "9"]
[EventCountry "SVK"]
[SourceTitle "EXT 2020"]
[Source "ChessBase"]
[SourceDate "2019.10.17"]
[SourceVersion "1"]
[SourceVersionDate "2019.10.17"]
[SourceQuality "1"]

1. d4 Nf6 2. c4 c5 3. d5 b5 4. a4 bxc4 5. Nc3 g6 6. e4 Qa5 7. Qc2 Na6 8. Bg5 Nb4 9. Qd1 Bg7 10. f4 Nd3+ 11. Bxd3 cxd3 12. Bxf6 d2+ 13. Qxd2 exf6 14. Nf3 f5 15. e5 d6 16. exd6 Bxc3 17. bxc3 0-0 18. 0-0 Ba6 19. Rfe1 Rae8 20. Rxe8 Rxe8 21. d7 Re7 22. Ne5 Bb5 23. axb5 Qxa1+ 24. Kf2 Qa5 25. Nc6 Qc7 26. d8Q+ Qxd8 27. Nxd8 Rd7 28. Nc6 c4 29. d6 Kg7 30. Qd4+ f6 31. Nxa7 Kf7 32. b6 Ke8 33. Qxf6 g5 34. Qe6+ Kd8 35. Nc6+ Kc8 36. Qe8+ Kb7 37. Qxd7+ Ka6 38. Nb4+ Ka5 39. Qa7+ Kb5 40. b7 1-0

[Event "Prague-G"]
[Site "Prague"]
[Date "2019.03.11"]
[Round "4.2"]
[White "Glushchenko, Stepan"]
[Black "Ziogiene, Leva"]
[Result "1/2-1/2"]
[WhiteElo "1241"]
[BlackElo "1373"]
[PlyCount "78"]
[EventDate "2019.03.09"]
[EventType "tourn"]
[EventRounds "9"]
[EventCountry "CZE"]
[SourceTitle "CBM 189 Extra"]
[Source "ChessBase"]
[SourceDate "2019.06.03"]
[SourceVersion "1"]
[SourceVersionDate "2019.06.03"]
[SourceQuality "1"]

1. d4 d5 2. c4 Nf6 3. cxd5 Qxd5 4. Nc3 Qa5 5. Nf3 Bg4 6. e3 e6 7. Bd2 Bb4 8. a3 Bxc3 9. Bxc3 Qd5 10. Be2 0-0 11. 0-0 Ne4 12. Bb4 Re8 13. Rc1 Nc6 14. Bc5 b6 15. Bb4 Nxb4 16. axb4 c6 17. Ne5 Bxe2 18. Qxe2 Rac8 19. Qa6 Rc7 20. Rfe1 f6 21. Nd3 Rec8 22. Nf4 Qd6 23. Qa2 Re8 24. Qb1 f5 25. f3 Nf6 26. Qa2 Kh8 27. Rcd1 Rce7 28. Qa3 Nd5 29. Nxd5 exd5 30. Qc3 Kg8 31. Rc1 Rc7 32. b5 Rec8 33. bxc6 Rxc6 34. Qd2 Rxc1 35. Rxc1 Rxc1+ 36. Qxc1 a5 37. Qc8+ Qf8 38. Qe6+ Qf7 39. Qc8+ Qf8 1/2-1/2

[Event "Prague-G"]
[Site "Prague"]
[Date "2019.03.09"]
[Round "1.3"]
[White "Horackova, Isabela"]
[Black "Glushchenko, Stepan"]
[Result "0-1"]
[WhiteElo "1150"]
[BlackElo "1241"]
[PlyCount "76"]
[EventDate "2019.03.09"]
[EventType "tourn"]
[EventRounds "9"]
[EventCountry "CZE"]
[SourceTitle "CBM 189 Extra"]
[Source "ChessBase"]
[SourceDate "2019.06.03"]
[SourceVersion "1"]
[SourceVersionDate "2019.06.03"]
[SourceQuality "1"]

1. d4 Nf6 2. Bf4 e6 3. e3 b6 4. Bd3 Bb7 5. Nf3 Be7 6. 0-0 0-0 7. Nbd2 d5 8. Re1 Ne4 9. c3 Nd7 10. Rc1 Rc8 11. h3 c5 12. c4 cxd4 13. Nxd4 e5 14. Bxe4 dxe4 15. Bxe5 Nxe5 16. Nf5 Nd3 17. Qg4 g6 18. Nxe4 Nxe1 19. Rxe1 Bxe4 20. Nh6+ Kg7 21. Qf4 Bg5 22. Qe5+ f6 23. Qxe4 Bxh6 24. Qf3 Rxc4 25. Rd1 Qc7 26. g3 Rc1 27. Kg2 Rxd1 28. Qxd1 Qc6+ 29. Kh2 Re8 30. Qe1 Qf3 31. Qd2 Bxe3 32. Qd7+ Kh6 33. h4 Qxf2+ 34. Kh3 Qf1+ 35. Kh2 Bg1+ 36. Kh1 Bf2+ 37. Kh2 Qg1+ 38. Kh3 Qxg3# 0-1

[Event "Blankenese op 2nd"]
[Site "Hamburg"]
[Date "2018.10.02"]
[Round "6.30"]
[White "Cieslak, Mark"]
[Black "Glushchenko, Stepan"]
[Result "1-0"]
[WhiteElo "1759"]
[BlackElo "1118"]
[PlyCount "118"]
[EventDate "2018.09.29"]
[EventType "swiss"]
[EventRounds "7"]
[EventCountry "GER"]
[SourceTitle "EXT 2020"]
[Source "ChessBase"]
[SourceDate "2019.10.17"]
[SourceVersion "1"]
[SourceVersionDate "2019.10.17"]
[SourceQuality "1"]

1. e4 e5 2. d4 exd4 3. c3 Nf6 4. e5 Qe7 5. Qe2 Nd5 6. Qe4 Nb6 7. cxd4 d6 8. Nf3 dxe5 9. dxe5 Nc6 10. Nc3 f6 11. exf6 gxf6 12. Bb5 Bd7 13. 0-0 0-0-0 14. Qxe7 Bxe7 15. a4 Bb4 16. Be3 Rhg8 17. Kh1 a6 18. Bxb6 cxb6 19. Bc4 Rg7 20. Nd5 Bc5 21. Nxf6 Kb8 22. Rad1 Ka7 23. Nxd7 Rgxd7 24. Rxd7 Rxd7 25. Bb3 Nd4 26. Rd1 Rd6 27. Nxd4 Rxd4 28. Kg1 Rxd1+ 29. Bxd1 Bd4 30. b3 Kb8 31. Bc2 h6 32. Kf1 Kc7 33. Be4 b5 34. axb5 axb5 35. f4 b6 36. Ke2 Kd6 37. Bd3 Kc5 38. Be4 Kb4 39. Bd5 Kc5 40. Bf7 b4 41. Kf3 b5 42. Ke4 Bc3 43. Kf5 Bd2 44. Be8 Kb6 45. g3 Bc3 46. g4 Kc5 47. g5 hxg5 48. fxg5 Bd4 49. Ke6 Ba1 50. h4 Kd4 51. Bxb5 Kc3 52. Bc4 Kc2 53. h5 Bc3 54. h6 Kb2 55. g6 Ka3 56. g7 Bxg7 57. hxg7 Kb2 58. g8Q Ka3 59. Ke7 Kb2 1-0

[Event "Blankenese op 2nd"]
[Site "Hamburg"]
[Date "2018.09.29"]
[Round "2.40"]
[White "Thomas, Jeremy"]
[Black "Glushchenko, Stepan"]
[Result "1-0"]
[WhiteElo "1623"]
[BlackElo "1118"]
[PlyCount "133"]
[EventDate "2018.09.29"]
[EventType "swiss"]
[EventRounds "7"]
[EventCountry "GER"]
[SourceTitle "EXT 2020"]
[Source "ChessBase"]
[SourceDate "2019.10.17"]
[SourceVersion "1"]
[SourceVersionDate "2019.10.17"]
[SourceQuality "1"]

1. e4 e5 2. Nf3 Nc6 3. Bc4 Bc5 4. c3 Nf6 5. d3 d6 6. 0-0 0-0 7. Re1 Be6 8. Bb3 Bxb3 9. axb3 Re8 10. Nbd2 Ng4 11. Re2 Re6 12. Nf1 Rg6 13. Ng3 Qd7 14. Nf5 Re8 15. h3 Nh6 16. Bxh6 gxh6 17. Qd2 Qe6 18. b4 Bb6 19. c4 Kh8 20. Kh2 Reg8 21. N3h4 Rf6 22. f3 Nd4 23. Nxd4 Bxd4 24. Nf5 Bb6 25. Qc3 a6 26. c5 dxc5 27. bxc5 Ba7 28. b4 Rfg6 29. f4 f6 30. fxe5 fxe5 31. d4 Re8 32. dxe5 Qxe5+ 33. Qxe5+ Rxe5 34. Rd1 Ree6 35. Rd7 Bb8 36. Red2 c6+ 37. Nd6 Rxe4 38. Rd8+ Rg8 39. Rxb8 Rxb4 40. Rxb7 Rxb7 41. Nxb7 Rg5 42. Ra2 Rg7 43. Nd8 Rg8 44. Nxc6 Ra8 45. Nb4 a5 46. c6 a4 47. c7 Rc8 48. Nd5 Kg7 49. Rxa4 Kf7 50. Rc4 Ke6 51. Nb6 Rf8 52. c8Q+ Rxc8 53. Rxc8 Kf6 54. Rg8 h5 55. h4 h6 56. g4 hxg4 57. Rxg4 h5 58. Rg5 Kf7 59. Kg3 Kf6 60. Kf4 Kf7 61. Kf5 Ke7 62. Rg6 Kf7 63. Rd6 Kg7 64. Kg5 Kh7 65. Rd7+ Kh8 66. Kg6 Kg8 67. Rd8# 1-0